Các giai đoạn phát triển của chữ Quốc ngữ Việt Nam và những vấn đề của tiếng Việt hiện đại = Development stages of Vietnamese National Language and problems of modern Vietnamese /

Enregistré dans:
Détails bibliographiques
Auteur principal: Lê Vinh Quốc.
Format: Article
Langue:Vietnamese
Sujets:
Tags: Ajouter un tag
Pas de tags, Soyez le premier à ajouter un tag!
Thư viện lưu trữ: Thư viện Trường Đại học Đà Lạt
LEADER 00969nam a2200253 4500
001 DLU160177549
005 ##20161108
040 # # |a DLU  |b vie 
041 # # |a vie 
044 # # |a vn 
100 # # |a Lê Vinh Quốc. 
245 # # |a Các giai đoạn phát triển của chữ Quốc ngữ Việt Nam và những vấn đề của tiếng Việt hiện đại =  |b Development stages of Vietnamese National Language and problems of modern Vietnamese /  |c Lê Vinh Quốc. 
653 # # |a Chữ quốc ngữ 
653 # # |a Ngôn ngữ 
653 # # |a Văn hóa Việt Nam 
773 # # |t Tạp chí Khoa học Đại học Sư phạm TP. Hồ Chí Minh: Khoa học xã hội và nhân văn   |g Số 8(86), 2016, tr. 162-177 
920 # # |a Phòng Tạp chí -- Trung tâm Thông tin - Thư viện Trường Đại học Đà Lạt 
900 # # |a True 
911 # # |a Hoàng Thị Huyền 
925 # # |a G 
926 # # |a A 
927 # # |a BB 
980 # # |a Thư viện Trường Đại học Đà Lạt